000 00727nam a2200193Ia 4500
008 0000001995 sz a 0000000000fre00
090 _aPSZ00 T36a
100 1 _aThomkins, André
_d1930
245 1 0 _aAndré Thomkins
_b: ziegler
300 _a1 plegable [6] p.
_c/ 21 cm.
500 _aExposición realizada en Galerie Renée Ziegler, Zurich, Marzo 18 Mayo 20, 1995 \ Con el patronazgo del maestro venezolano Jesús Rafael Soto (q.e.p.d.)
600 0 0 _aTHOMKINS, ANDRE, 1930198/
_xTRABAJOS PICTORICOS
650 1 4 _aARTE CONTEMPORANEO SUIZO
650 1 4 _xCATALOGOS
650 1 4 _xEXPOSICIONES
650 1 4 _aPINTORES SUIZOS
650 1 4 _aPINTURA SUIZA
999 _c4626
_d4626
260 _aZurich : Galerie Renée Ziegler
_c1995